000 00673nam a2200181Ia 4500
008 100920s9999 xx 000 0 und d
082 _b72471
_a375 थ 98
100 _aअनु. किणीकर मीना/. घोष जयंती
245 _aव्यवसाय मार्गदर्शक.
260 _bमेहता पब्लिशिंग हाऊस, पुणे 30.
_c1998
300 _a326
_bसाधी
365 _b100
520 _aशालो.
630 _aव्यवसाय मार्गदर्शक.
650 _aशालो.
730 _aव्यवसाय मार्गदर्शक.
942 _cBOOK
999 _c714247
_d714244